| 000 | 01202cad a22002055a 4500 | ||
|---|---|---|---|
| 001 | L157213 | ||
| 008 | 120927s2012 xxk f 000 0 eng d | ||
| 035 | _a(Sirsi) u157213 | ||
| 041 | 0 | _aeng | |
| 100 | 1 | _aDe Santos, Robbie | |
| 245 | 0 | 2 |
_aA better deal _bTowards more stable private renting _h[electronic resource] |
| 260 |
_aLondon _bShelter _c2012 |
||
| 505 | 2 | _aExecutive summary -- A picture of private renting in England -- Private renting in England -- What do renters want? -- The private renting industry -- How can renting be improved -- Recommendations -- Appendix tax packages | |
| 520 | _aLooks at the growth in the private rented sector as renting becomes the norm rather than house purchase. Calls for longer tenure agreements to give more stability to landlords investment return and peace of mind for tenatns. Lists statistical data on private sector renters by region and income group and age.. | ||
| 590 | _aKA NTK | ||
| 651 | 4 | _aEngland | |
| 690 |
_aResidential property _96266 |
||
| 856 | 4 | 0 |
_uhttps://england.shelter.org.uk/__data/assets/pdf_file/0009/587178/A_better_deal_report.pdf _zView the item free of charge from the www.england.shelter.org.uk website. |
| 942 | _n0 | ||
| 999 |
_c114652 _d114652 |
||